[Event "Eje Cafetero Region 3rd"]
[Site "Eje Cafetero"]
[Date "2009.03.21"]
[Round "2.24"]
[White "Jaramillo Ochoa, Mateo"]
[Black "Mazuera, Alejandro"]
[Result "1/2-1/2"]
[WhiteElo "1676"]
[BlackElo "1600"]
[PlyCount "62"]
[EventDate "2009.03.21"]
[EventType "swiss"]
[EventRounds "7"]
[EventCountry "COL"]
[SourceTitle "EXT 2024"]
[Source "ChessBase"]
[SourceDate "2023.10.10"]
[SourceVersion "1"]
[SourceVersionDate "2023.10.10"]
[SourceQuality "1"]

1. e4 e5 2. Nf3 Nf6 3. Nxe5 d6 4. Nf3 Nxe4 5. Nc3 Nxc3 6. dxc3 Be7 7. Bf4 Bg4 8. Qd2 a6 9. 0-0-0 Nc6 10. Bc4 Qd7 11. Rhe1 Na5 12. Bxf7+ Kxf7 13. Qd5+ Kf8 14. Qxa5 Bxf3 15. gxf3 Rc8 16. Re2 Qb5 17. Qxb5 axb5 18. Rde1 Bf6 19. Be3 Kf7 20. Bd4 Rhe8 21. Rxe8 Rxe8 22. Rxe8 Kxe8 23. Bxf6 gxf6 24. Kd2 Ke7 25. Kd3 Ke6 26. c4 b4 27. c3 bxc3 28. Kxc3 Ke5 29. Kd3 f5 30. f4+ Ke6 31. b4 Kd7 1/2-1/2